Chasquis, gritos y chascarrillos de independencia / (Registro nro. 30624)
[ vista simple ]
| 000 -LEADER | |
|---|---|
| fixed length control field | 02115nam a2200301Ia 4500 |
| 003 - CONTROL NUMBER IDENTIFIER | |
| control field | CO-CtgCURN |
| 005 - DATE AND TIME OF LATEST TRANSACTION | |
| control field | 20250820231707.0 |
| 008 - FIXED-LENGTH DATA ELEMENTS--GENERAL INFORMATION | |
| fixed length control field | 191115s2010 xx g 000 0 spa d |
| 020 ## - INTERNATIONAL STANDARD BOOK NUMBER | |
| International Standard Book Number | 9789582010393 |
| 040 ## - CATALOGING SOURCE | |
| Original cataloging agency | CO-CtgCURN |
| Language of cataloging | spa |
| Transcribing agency | coctgcurn |
| 082 ## - DEWEY DECIMAL CLASSIFICATION NUMBER | |
| Classification number | Co863.44 |
| Item number | L722 |
| 100 ## - MAIN ENTRY--PERSONAL NAME | |
| Personal name | Liévano Quimbay, Luis |
| 9 (RLIN) | 2690 |
| Relator term | autor |
| 245 #0 - TITLE STATEMENT | |
| Title | Chasquis, gritos y chascarrillos de independencia / |
| Statement of responsibility, etc. | Luis Liévalo Quimbay; ilustración., Hache Holguín; editor., Pío Fernando Gaona |
| 250 ## - EDITION STATEMENT | |
| Edition statement | 1 edición |
| 260 ## - PUBLICATION, DISTRIBUTION, ETC. | |
| Place of publication, distribution, etc. | Bogotá, Colombia : |
| Name of publisher, distributor, etc. | Magisterio Editorial |
| Date of publication, distribution, etc. | 2010 |
| 300 ## - PHYSICAL DESCRIPTION | |
| Extent | 66 páginas, |
| Other physical details | ilustraciones ; |
| Dimensions | 17 centímetros |
| 490 ## - SERIES STATEMENT | |
| Series statement | Colección Xue |
| 500 ## - GENERAL NOTE | |
| General note | Incluye índice |
| 505 ## - FORMATTED CONTENTS NOTE | |
| Formatted contents note | Sed de conquista -- Benkos Biohó -- Agua de colonia -- Antonio el precursor -- Chascarrillos -- Patria potestad -- La flor de la independencia -- Comuneros Rajaleñas -- Francisco el sabio -- Barule -- Grito de independencia -- Romance -- El almirante Padilla -- Patria boba -- Las provincias unidas -- Pacífico cimarrón -- Agustina -- Apolonia la Pola -- Llano adentro -- Patrias de América -- Tertulias clandestinas -- Al sur al sur -- Simoncito -- Heroínas de la patria -- De armas tomar -- Gaitana la cacica. |
| 520 ## - SUMMARY, ETC. | |
| Summary, etc. | El aniversario de la independencia nacional lo celebramos con diversos actos, y como suele suceder con muchas tradiciones y remembranzas de nuestros fechas históricas, estos eventos no debemos desdibujarlos en la olvidadiza memoria. Los textos que aquí se presentan fueron escritos a manera de voz de la conciencia popular, en un lenguaje y estilo formulado a partir de un estudio de copleríos de diversas regiones del país, de romanceros y dichos populares, que se escuchaban de voz en voz, de boca en boca, a través de los tiempos |
| 521 ## - TARGET AUDIENCE NOTE | |
| Target audience note | AREA BASICA |
| 590 ## - LOCAL NOTE (RLIN) | |
| Local note | Todos los programas académicos |
| 650 ## - SUBJECT ADDED ENTRY--TOPICAL TERM | |
| Topical term or geographic name entry element | Cuentos breves |
| 9 (RLIN) | 2691 |
| 700 ## - ADDED ENTRY--PERSONAL NAME | |
| Personal name | Holguín, Hache |
| Relator term | ilustración |
| 700 ## - ADDED ENTRY--PERSONAL NAME | |
| Personal name | Gaona, Pío Fernando |
| Relator term | editor |
| 942 ## - ADDED ENTRY ELEMENTS (KOHA) | |
| Koha item type | Libros |
| Classification part | Co863.44 |
| Item part | L722 |
| Source of classification or shelving scheme | Dewey Decimal Classification |
| Suppress in OPAC | No |
| Withdrawn status | Lost status | Source of classification or shelving scheme | Damaged status | Not for loan | Collection | Home library | Current library | Shelving location | Date acquired | Inventory number | Total checkouts | Full call number | Barcode | Date last seen | Copy number | Price effective from | Koha item type |
|---|---|---|---|---|---|---|---|---|---|---|---|---|---|---|---|---|---|
| Dewey Decimal Classification | General | Miguel Henríquez Castañeda Barranquilla | Miguel Henríquez Castañeda Barranquilla | General | 11/08/2019 | 04754 | Co863.44 L722 | 04754 | 11/15/2019 | ej.1 | 11/15/2019 | Libros |